Т. 2; Великие географические открытия

Détails bibliographiques
Parent link:Великие географические открытия: Энциклопедия/ Ж. Верн. Т. 2.— , 2003-.— 5-7921-0633-9
Langue:russe
Publié: 2003
Sujets:
Format: Livre
KOHA link:https://koha.lib.tpu.ru/cgi-bin/koha/opac-detail.pl?biblionumber=57053

MARC

LEADER 00000nam2a2200000 4500
001 57053
005 20231031054032.0
010 |a 5699035281 
035 |a (RuTPU)RU\TPU\book\60040 
090 |a 57053 
100 |a 20031021d2003 km y0rusy50 ca 
101 1 |a rus  |c fre 
102 |a RU 
105 |a abс f 001zy 
200 0 |a Т. 2 
210 |d 2003 
215 |a 734 с.  |c ил. 
320 |a Библиогр.: с. 712-714 
461 1 |0 (RuTPU)RU\TPU\book\60497  |y 5-7921-0633-9  |t Великие географические открытия  |o Энциклопедия  |o Пер. с фр.  |f Ж. Верн  |v Т. 2  |d 2003-  |s Энциклопедия 
610 1 |a география 
610 1 |a географические открытия 
610 1 |a путешествия 
610 1 |a мореплаватели 
610 1 |a 18 век 
610 1 |a Франция 
610 1 |a Африка 
610 1 |a Азия 
610 1 |a Америка 
610 1 |a путешественники 
610 1 |a кругосветные путешествия 
610 1 |a русские мореплаватели 
610 1 |a английские мореплаватели 
610 1 |a полярные путешествия 
610 1 |a энциклопедии 
675 |a 910.4(031)  |v 3 
686 |a Ч611.68  |v LBC/SL-A  |2 rubbk 
801 1 |a RU  |b 63413507  |c 20031021  |g PSBO 
801 2 |a RU  |b 63413507  |c 20180115  |g PSBO 
942 |c BK